000 01038nam a22003017a 4500
001 BR0305181
003 BR-BrBNA
005 20230928101425.0
007 ta
008 230509b bl.||||| |||| 00| 0 por d
040 _aBR-BrBNA
_bpor
_cBiblioteca Nacional de Agricultura
041 _a(Por)
072 _aC30; H01
090 _ C30 BR0305181
100 1 _aPalma, A.M.
110 1 _aUniversidade Federal do Rio Grande do Sul, Porto Alegre (Brasil). Faculdade de Biblioteconomia e Comunicação
_911166
245 1 _aComunicação e informação fitossanitária no Brasil: utilização da comunicação e modernas tecnologias de informação para a preservação da fitossanidade no território nacional
260 3 _aPorto Alegre, RS (Brasil):
_c2002.
300 _a79 p.
500 _a14 ref.
650 _aDOENÇA DE PLANTA
650 _aTRATAMENTO FITOSSANITÁRIO
650 _aCIÊNCIA DA INFORMAÇÃO
650 _aCOMUNICAÇÃO
650 _aAGRONEGÓCIO
909 _a202309
_bLucia
_c55
_dLucia Elande
942 _cBK
999 _c65760
_d65760